| 000 | 00920nam a22002297a 4500 | ||
|---|---|---|---|
| 005 | 20240530110551.0 | ||
| 008 | 160714s2013 ua a f b 000 0 ara d | ||
| 017 |
_a2013/17199 _bمصر . دار الكتب المصرية |
||
| 020 | _a9789777220347 | ||
| 040 | _aEG-CaGPL | ||
| 082 | 0 | 4 |
_221 _a658.404\ _bى إ |
| 100 | 1 | _aيانج ، تريفورل | |
| 245 | 1 | 2 |
_aالادارة الناجحة للمشروعات صنع النجاح / _cتاليف تريفورل يانج ؛ ترجمة هبة عجينة |
| 250 | _aط. 1 | ||
| 260 |
_aالقاهرة : _bالمجموعة العربية للتدريب و النشر ، _c2014 . |
||
| 300 |
_a243 ص. : _bايض ؛ _c24 سم . |
||
| 504 | _aيشتمل على ارجاعات ببليوجرافية | ||
| 650 | 0 | 7 |
_aالمشروعات _xتنظيم و ادارة |
| 650 | 0 | 7 | _aالنجاح الادارى |
| 700 | 0 |
_aهبة عجينة _eمترجم |
|
| 942 |
_2ddc _cBK |
||
| 999 |
_c62451 _d62451 |
||